|
|
|
|
| LEADER |
01170nam a2200277 a 4500 |
| 001 |
366 |
| 003 |
BD-DhAAL |
| 005 |
20150324101057.0 |
| 008 |
150324s1997 nyu b 001 0 eng |
| 010 |
|
|
|a 96035910
|
| 020 |
|
|
|a 0471157031 (pbk.: alk. paper)
|
| 040 |
|
|
|a DLC
|c DLC
|d DLC
|d BD-DhAAL
|
| 050 |
0 |
0 |
|a RG652
|b .Z54 1997
|
| 082 |
0 |
0 |
|a 618.4
|2 20
|
| 100 |
1 |
|
|a Zimmer, Judith,
|d 1956-
|9 10061
|
| 245 |
1 |
0 |
|a Labor of love :
|b mothers share the joy of childbirth /
|c Judith Zimmer.
|
| 260 |
|
|
|a New York :
|b Wiley,
|c c1997.
|
| 300 |
|
|
|a xiii, 242 p. ;
|c 22 cm.
|
| 504 |
|
|
|a Includes bibliographical references (p. 229-231) and index.
|
| 541 |
|
|
|d 366
|
| 650 |
|
0 |
|a Childbirth
|x Case studies.
|9 10062
|
| 650 |
|
0 |
|a Labor (Obstetrics)
|x Case studies.
|9 10063
|
| 942 |
|
|
|2 ddc
|c BK
|
| 999 |
|
|
|c 34145
|d 34145
|
| 952 |
|
|
|0 0
|1 0
|2 ddc
|4 0
|6 618_400000000000000_ZIM
|7 0
|9 53277
|a SCL
|b SCL
|c GEN
|d 2015-03-24
|e Gift: The Asia Foundation
|l 4
|m 10
|o 618.4 ZIM
|p 3020000366
|r 2024-06-03
|s 2024-06-01
|t 1
|w 2015-03-24
|y BK
|
| 952 |
|
|
|0 0
|1 0
|2 ddc
|4 0
|6 618_400000000000000_ZIM
|7 0
|9 54181
|a SCL
|b SCL
|c GEN
|d 2015-06-09
|e Gift: The Asia Foundation
|l 1
|m 3
|o 618.4 ZIM
|p 3020003857
|r 2018-10-21
|s 2018-09-26
|t 2
|w 2015-06-09
|y BK
|